000 00695cam a22002291 4500
001 gs 49000078
003 DLC
005 20260227111355.0
008 850927s1948 pe bf b f000 0 spa c
010 _ags 49000078
035 _a(OCoLC)12608831
040 _aU. S. Geol. Survey. Libr.
_cTxHR
_dDLC
042 _apremarc
050 0 0 _aQE247
_b.H39
100 1 _aHeim, Arnold,
_d1882-1965.
245 1 0 _aGeología de los ríos Apurimac y Urubamba.
260 _aLima,
_c1948.
300 _a25 p.
_bplates, fold. map, fold. profile.
_c25 cm.
410 2 0 _aInstituto Geológico del Perú.
_tBoletín
_v10
504 _aBibliographical footnotes.
650 0 _aGeology
_zPeru
_zCuzco (Department)
999 _c28347
_d28347